[Event "Cologne Ford op"]
[Site "Cologne"]
[Date "2009.06.15"]
[Round "7"]
[White "Preuss, Stefan"]
[Black "Daglis, Emanuel"]
[Result "1/2-1/2"]
[WhiteElo "1617"]
[BlackElo "1836"]
[PlyCount "31"]
[EventDate "2009.04.27"]
[EventType "swiss"]
[EventRounds "7"]
[EventCountry "GER"]
[SourceTitle "EXT 2011"]
[Source "ChessBase"]
[SourceDate "2010.11.26"]
[SourceVersion "1"]
[SourceVersionDate "2010.11.26"]
[SourceQuality "1"]

1. d4 d6 2. c4 e5 3. dxe5 dxe5 4. Qxd8+ Kxd8 5. Nf3 f6 6. e3 Be6 7. Nc3 c6 8. Be2 Nd7 9. 0-0 Kc7 10. Rd1 Nh6 11. Bd2 Nf7 12. a3 Nb6 13. b3 Rd8 14. Be1 Be7 15. Nd2 f5 16. b4 1/2-1/2

[Event "Cologne Ford op"]
[Site "Cologne"]
[Date "2009.05.18"]
[Round "4"]
[White "Hoeck, Sebastian"]
[Black "Preuss, Stefan"]
[Result "1-0"]
[WhiteElo "1770"]
[BlackElo "1617"]
[PlyCount "95"]
[EventDate "2009.04.27"]
[EventType "swiss"]
[EventRounds "7"]
[EventCountry "GER"]
[SourceTitle "EXT 2011"]
[Source "ChessBase"]
[SourceDate "2010.11.26"]
[SourceVersion "1"]
[SourceVersionDate "2010.11.26"]
[SourceQuality "1"]

1. e4 e5 2. Nf3 Nc6 3. Bc4 Bc5 4. Nc3 Nf6 5. 0-0 d6 6. a3 Bg4 7. h3 Bh5 8. Be2 a6 9. d3 Bxf3 10. Bxf3 Ba7 11. Ne2 h6 12. c3 Qe7 13. Rb1 Nd8 14. Ng3 g6 15. d4 Ne6 16. Re1 Ng5 17. Bg4 Kf8 18. h4 Ngh7 19. Bxh6+ Kg8 20. Bh3 Nf8 21. Qd2 Ne6 22. d5 Nc5 23. Qg5 Nd3 24. Bg7 Nxf2 25. Kf1 Nxh3 26. gxh3 Qd7 27. Bxf6 Qxh3+ 28. Ke2 Qg2+ 29. Kd3 c5 30. c4 Rh7 31. Nf5 Qf2 32. Ne7+ Kf8 33. Nxg6+ fxg6 34. Bxe5 Qxh4 35. Rf1+ Ke8 36. Qxg6+ Kd7 37. Rf7+ Rxf7 38. Qxf7+ Qe7 39. Qf5+ Kc7 40. Bf6 Qe8 41. Rh1 Qg8 42. Rh7+ Kb6 43. Rg7 Qf8 44. e5 dxe5 45. Qxe5 Bb8 46. Qe6+ Qd6 47. Bd8+ Ka7 48. Qc8 1-0

[Event "Cologne Ford op"]
[Site "Cologne"]
[Date "2009.05.04"]
[Round "2"]
[White "Witte, Volker"]
[Black "Preuss, Stefan"]
[Result "0-1"]
[WhiteElo "1658"]
[BlackElo "1617"]
[PlyCount "66"]
[EventDate "2009.04.27"]
[EventType "swiss"]
[EventRounds "7"]
[EventCountry "GER"]
[SourceTitle "EXT 2011"]
[Source "ChessBase"]
[SourceDate "2010.11.26"]
[SourceVersion "1"]
[SourceVersionDate "2010.11.26"]
[SourceQuality "1"]

1. d4 Nf6 2. c4 g6 3. Nc3 d5 4. cxd5 Nxd5 5. e4 Nxc3 6. bxc3 Bg7 7. Bc4 c5 8. Be3 Nc6 9. Ne2 0-0 10. 0-0 Bd7 11. Rb1 a6 12. dxc5 Qc7 13. Nd4 Ne5 14. Bd5 Ng4 15. g3 Nxe3 16. fxe3 Rab8 17. Qb3 e6 18. Bxb7 Qxc5 19. Qb4 Qg5 20. Qd6 Qxe3+ 21. Kh1 Rxb7 22. Rbe1 Qxc3 23. e5 Qc4 24. Nb3 Qd5+ 25. Qxd5 exd5 26. Nc5 Ra7 27. Nxd7 Rxd7 28. Rf3 Re8 29. Ra3 Rxe5 30. Rxe5 Bxe5 31. Rxa6 d4 32. Ra8+ Kg7 33. Re8 d3 0-1

[Event "Leipzig VfB op 13th"]
[Site "Leipzig"]
[Date "2006.03.18"]
[Round "7"]
[White "Preuss, Stefan"]
[Black "Ullmann, Joerg"]
[Result "1/2-1/2"]
[WhiteElo "1538"]
[BlackElo "1397"]
[PlyCount "31"]
[EventDate "2006.03.14"]
[EventType "swiss"]
[EventRounds "9"]
[EventCountry "GER"]
[SourceTitle "EXT 2008"]
[Source "ChessBase"]
[SourceDate "2007.11.25"]
[SourceVersion "1"]
[SourceVersionDate "2007.11.25"]
[SourceQuality "1"]

1. d4 d5 2. Nf3 Nc6 3. e3 g6 4. c4 Bg4 5. h3 Bxf3 6. Qxf3 Nf6 7. a3 Bg7 8. Nc3 e6 9. cxd5 Nxd5 10. Bb5 0-0 11. Bd2 Nce7 12. 0-0 c6 13. Bd3 Nb6 14. Ne2 e5 15. Bb4 Nbd5 16. Bxe7 1/2-1/2

[Event "Leipzig VfB op 13th"]
[Site "Leipzig"]
[Date "2006.03.15"]
[Round "2"]
[White "Abromeit, Guenter"]
[Black "Preuss, Stefan"]
[Result "1/2-1/2"]
[WhiteElo "1943"]
[BlackElo "1538"]
[PlyCount "121"]
[EventDate "2006.03.14"]
[EventType "swiss"]
[EventRounds "9"]
[EventCountry "GER"]
[SourceTitle "EXT 2008"]
[Source "ChessBase"]
[SourceDate "2007.11.25"]
[SourceVersion "1"]
[SourceVersionDate "2007.11.25"]
[SourceQuality "1"]

1. e4 c6 2. d4 d5 3. Nc3 dxe4 4. Nxe4 Nd7 5. Nf3 Ngf6 6. Ng3 e6 7. Bd3 c5 8. c3 Bd6 9. 0-0 b6 10. Qe2 0-0 11. Ne4 Be7 12. Bg5 Bb7 13. dxc5 Nxe4 14. Bxe7 Qxe7 15. Bxe4 Bxe4 16. Qxe4 Nxc5 17. Qe2 Rfd8 18. Rfd1 Rac8 19. Nd4 Rc7 20. Rd2 Qf6 21. Rad1 Rcc8 22. h3 h6 23. Nf3 Rxd2 24. Rxd2 Rd8 25. Qd1 Rxd2 26. Qxd2 Qe7 27. Ne5 Qc7 28. Qd4 f6 29. Nf3 e5 30. Qg4 Qd6 31. Nh4 Qd7 32. Nf5 Kf8 33. Qg6 Qf7 34. Qg4 Qd7 35. Qf3 Kf7 36. h4 Na4 37. Qg4 Kf8 38. Qb4+ Nc5 39. Qg4 Na4 40. Qb4+ Nc5 41. Ne3 Qd2 42. Qb5 Nd3 43. Ng4 Qd1+ 44. Kh2 Qxg4 45. Qxd3 Qxh4+ 46. Kg1 Qa4 47. Qd8+ Qe8 48. Qd5 g5 49. g4 Qf7 50. Qd6+ Kg7 51. b3 h5 52. f3 h4 53. Kg2 Qb7 54. Qd3 b5 55. c4 bxc4 56. Qxc4 Qb6 57. Qd5 Qc7 58. Qe4 Qa5 59. Qe2 Qc5 60. Qd2 Qd4 61. Qc2 1/2-1/2